Statistics for Celebrities With Christian Names As Surnames

Click here to take the quiz!

General Stats

  • This quiz has been taken 52 times
  • The average score is 12 of 15

Answer Stats

Answer% Correct
Elton John
90%
Bruce Lee
84%
Elizabeth Taylor
84%
Ray Charles
84%
Rod Stewart
82%
George Harrison
80%
Kirk Douglas
80%
Bob Dylan
78%
Dean Martin
78%
John Wayne
78%
Steve Martin
78%
Buddy Holly
76%
Grace Kelly
68%
Michael Jordan
68%
Jesse Jackson
52%

Score Distribution

Percentile by Number Answered

Percent of People with Each Score

Your Score History

You have not taken this quiz